000 00786nam a2200217 a 4500
001 80575)
003 BD-RjUL
005 20221020131438.0
008 221020s1962 ua 000 0bara c
035 _a(BD-RjUL)80575)
040 _aPrinceton Univ. Libr.
_cTxU
_dTxU
_beng
041 _aara
082 _223+++
_a305.48697
_bHUS 1964
100 0 _aحسين قدرية # # Ḥusayn, Qadrīyah
_95358
245 1 0 _aشهرات النساء في العالم الإسلام # # Shahīrāt al-nisāʼ fī al-ʿālam al-Islāmī /
_cقدرية حسين # # Qadrīyah Ḥusayn.
260 _a[Bayrūt] :
_bDār al-Kātib al-ʿArabī,
_c[196-?]
300 _a222 p. ;
_c24 cm.
650 0 _aMuslim women.
651 0 _aIslamic Empire
_vBiography.
_95359
942 _2ddc
_cBK
999 _c80575
_d80575